Miles de millones: pensamientos de vida y muerte en la antesala del milenio
محفوظ في:
| المؤلف الرئيسي: | |
|---|---|
| التنسيق: | كتاب |
| اللغة: | الإسبانية |
| منشور في: |
Barcelona
Grupo Zeta
1998
|
| سلاسل: | Colección Sine Quanon
|
| الموضوعات: | |
| الوسوم: |
إضافة وسم
لا توجد وسوم, كن أول من يضع وسما على هذه التسجيلة!
|
MARC
| LEADER | 00000nam a2200000 a 4500 | ||
|---|---|---|---|
| 001 | UCP2128 | ||
| 003 | CL-VaPUC | ||
| 008 | 990507e19980000SP |||||||||||||||||spa|d | ||
| 082 | 0 | 4 | |a 523.1 |b SAG |2 21 |
| 100 | 0 | |a Sagan, Carl |e author |9 428631 | |
| 245 | 1 | 0 | |a Miles de millones: pensamientos de vida y muerte en la antesala del milenio |
| 300 | |a 322 p | ||
| 942 | |c BK | ||
| 945 | |d 19990507 00:00:00 |a rbrito | ||
| 260 | |a Barcelona |b Grupo Zeta |c 1998 | ||
| 650 | 0 | |a Cosmología |9 269138 | |
| 650 | 0 | |a Filosofía de las ciencias |9 256466 | |
| 650 | 0 | |a Medio ambiente |9 257625 | |
| 650 | 7 | |a CALENTAMIENTO DE LA TIERRA |2 CL-VaPUC |9 428632 | |
| 583 | |a last modification |c 19990507 00:00:00 |k Rodrigo Vera | ||
| 490 | 0 | |a Colección Sine Quanon | |
| 999 | |c 280717 |d 280715 | ||
| 952 | |0 0 |1 0 |4 0 |6 523_100000000000000_SAG_1998 |7 0 |8 A |9 321194 |a BIBCUR |b BIBCUR |d 2019-11-20 |i 3518078 |l 2 |m 2 |o 523.1 SAG 1998 |p 3518078 |r 2025-04-22 |s 2023-08-10 |w 2019-11-20 |y BK |k FIS | ||